Statistiques concernant Élimination par catégorie - Régions françaises n°2

Cliquez ici pour prendre le quiz!

Statistiques générales

  • Ce quiz a été pris 1 066 fois
  • Le résultat moyen est 16 sur 20

Statistiques - réponses

Groupe#Catégorie% Correct
Vert18Région française...
99%
Vert13...métropolitaine...
99%
Vert8...avec moins de 9% de chômage...
97%
Jaune18Région française...
92%
Jaune10...avec au moins 3 millions d'habitants...
92%
Rose18Région française...
91%
Jaune6...complètement au Nord de l'Occitanie...
90%
Rose9...avec plus de 2 000 habitants par commune en moyenne...
89%
Bleu18Chef-lieu d'une région française...
89%
Vert4...frontalière d'un pays étranger...
89%
Bleu11...au sud de Dijon...
87%
Bleu6...mais au Nord du Maroc...
87%
Jaune2...dont le nom contient un "G"...
85%
Bleu4...dont le nom contient au "A"...
85%
Bleu1...deviné dans plus de 98% des cas au quiz des chef-lieux français:Marseille
81%
Jaune1...avec plus de 800 mm de précipitations en moyenne par an:Bretagne
77%
Vert1...et avec des littoraux:Nouvelle Aquitaine
67%
Rose5...et un PIB par habitant inférieur à 25 000 euros...
55%
Rose3...dont le nom contient une lettre valant 8 ou plus au Scrabble...
53%
Rose1...n'étant pas le "Y":Martinique
39%

Distribution des résultats

Percentile par nombre de réponses

% des personnes avec chaque résultat

Votre développement - résultats

Vous n’avez pas pris ce quiz